| 000 | 00519nam a2200181 a 4500 | ||
|---|---|---|---|
| 001 | 5714 | ||
| 003 | CO-ViMGA | ||
| 008 | 141112s2004 ck r 000 u spa d | ||
| 040 |
_aCO-ViMGA _bspa _cCO-ViMGA |
||
| 082 | 0 | 4 | _a356.15 J171g |
| 100 | 1 |
_aJaramillo Castillo, Carlos Eduardo _94170 |
|
| 245 | 1 | 0 | _aLos guerrilleros del novecientos |
| 260 |
_aBogotá : _bCerec, _c1991 |
||
| 300 | _a419 p | ||
| 650 | 1 | 4 |
_aCOLOMBIA - HISTORIA - GUERRA DE LOS MIL DIAS _94171 |
| 650 | 1 | 4 |
_aGUERRILLA COLOMBIANA _94172 |
| 942 |
_2ddc _cBK |
||
| 999 |
_c17695 _d17695 |
||